[Event "Europa ch s-14"]
[Site "Herceg Novi MNT"]
[Date "2008.09.24"]
[Round "9.20"]
[White "Mammadov, Zaur Fazahir Oglu"]
[Black "Kraus, Tomas"]
[Result "1-0"]
[WhiteElo "2114"]
[BlackElo "2024"]
[PlyCount "55"]
[EventDate "2008.09.15"]
[EventType "swiss"]
[EventRounds "9"]
[Source "lmi"]
[SourceDate "2008.09.15"]

1. e4 c5 2. c3 Nf6 3. e5 Nd5 4. Nf3 e6 5. d4 cxd4 6. cxd4 b6 7. Bd3 Bb7 8. O-O
d6 9. Nc3 Nxc3 10. bxc3 Qc7 11. Bf4 Nd7 12. Re1 dxe5 13. Nxe5 Nxe5 14. Bb5+ Bc6
15. Bxe5 Bd6 16. Bxc6+ Qxc6 17. d5 Qc7 18. Qa4+ Kf8 19. Bxd6+ Qxd6 20. dxe6
fxe6 21. Rad1 Qe7 22. Rd7 Qf6 23. Qc6 Re8 24. Re3 Qg6 25. h3 h5 26. Rf3+ Kg8
27. Rg3 Qb1+ 28. Kh2 1-0

[Event "Europa ch s-14"]
[Site "Herceg Novi MNT"]
[Date "2008.09.24"]
[Round "9.24"]
[White "Blazeka, Matej"]
[Black "Kezin, Roman"]
[Result "0-1"]
[WhiteElo "1970"]
[BlackElo "2235"]
[PlyCount "58"]
[EventDate "2008.09.15"]
[EventType "swiss"]
[EventRounds "9"]
[Source "lmi"]
[SourceDate "2008.09.15"]

1. e4 c5 2. Nf3 e6 3. d4 cxd4 4. Nxd4 Nc6 5. Nc3 Qc7 6. Be3 a6 7. Bd3 Nf6 8.
O-O Nxd4 9. Bxd4 Bc5 10. Bxc5 Qxc5 11. Qe2 d6 12. Kh1 b5 13. f4 b4 14. Nb1 e5
15. Qf2 Qxf2 16. Rxf2 Ng4 17. Rf3 exf4 18. Rxf4 Ne5 19. Nd2 Be6 20. a3 b3 21.
Rc1 Ke7 22. Be2 bxc2 23. Rxc2 Rhc8 24. Rxc8 Rxc8 25. Bxa6 Rc2 26. Nb1 Rxb2 27.
Rf1 d5 28. Nc3 d4 29. Ne2 Rb6 0-1

[Event "Europa ch s-14"]
[Site "Herceg Novi MNT"]
[Date "2008.09.24"]
[Round "9.25"]
[White "Meskovs, Nikita"]
[Black "Stoyanov, Ivaylo"]
[Result "1-0"]
[WhiteElo "2177"]
[BlackElo "1978"]
[PlyCount "85"]
[EventDate "2008.09.15"]
[EventType "swiss"]
[EventRounds "9"]
[Source "lmi"]
[SourceDate "2008.09.15"]

1. d4 g6 2. c4 Bg7 3. Nc3 d6 4. e4 Nc6 5. Be3 e5 6. Nge2 exd4 7. Nxd4 Nge7 8.
h4 h6 9. Qd2 f5 10. exf5 Nxf5 11. Nxc6 bxc6 12. Bd3 Qf6 13. O-O-O O-O 14. Bxf5
gxf5 15. Bd4 Qxd4 16. Qxd4 Bxd4 17. Rxd4 c5 18. Rd2 Bb7 19. Ne2 f4 20. f3 Rae8
21. h5 Re5 22. Rh4 Ref5 23. b3 R8f6 24. Kc2 c6 25. Nc3 d5 26. Na4 d4 27. Re2
Kf7 28. Nb2 Bc8 29. Nd3 Be6 30. Ne5+ Kg7 31. Ng4 Bg8 32. Nxf6 Rxf6 33. Kd2 Bh7
34. Re7+ Kh8 35. Rg4 Rf8 36. Rgg7 Bb1 37. Rxa7 Re8 38. a4 Rb8 39. a5 Bf5 40.
Rgf7 Bb1 41. a6 Rg8 42. Kc1 Bd3 43. Rab7 1-0

[Event "Europa ch s-14"]
[Site "Herceg Novi MNT"]
[Date "2008.09.24"]
[Round "9.27"]
[White "Tallo Dominguez, Imar"]
[Black "Ostovic, Matija"]
[Result "0-1"]
[WhiteElo "2129"]
[BlackElo "1976"]
[PlyCount "54"]
[EventDate "2008.09.15"]
[EventType "swiss"]
[EventRounds "9"]
[Source "lmi"]
[SourceDate "2008.09.15"]

1. e4 c5 2. Nf3 g6 3. d4 cxd4 4. Nxd4 Nc6 5. Nc3 Bg7 6. Nde2 Nf6 7. g3 b5 8.
Bg2 Rb8 9. O-O O-O 10. h3 a6 11. Rb1 d6 12. Nd5 Nxd5 13. exd5 Ne5 14. Be3 Bd7
15. Kh2 Qc8 16. Bd4 Bf5 17. Rc1 Qc7 18. g4 Bd7 19. f4 Nc4 20. Bxg7 Kxg7 21. b3
Nb6 22. Qd4+ Kg8 23. f5 Rbc8 24. Qe4 e6 25. fxe6 fxe6 26. Rxf8+ Rxf8 27. dxe6
d5+ 0-1

[Event "Europa ch s-14"]
[Site "Herceg Novi MNT"]
[Date "2008.09.24"]
[Round "9.30"]
[White "Malamatas, Konstantinos"]
[Black "Doros, Radu Marian"]
[Result "1/2-1/2"]
[WhiteElo "1897"]
[BlackElo "2051"]
[PlyCount "50"]
[EventDate "2008.09.15"]
[EventType "swiss"]
[EventRounds "9"]
[Source "lmi"]
[SourceDate "2008.09.15"]

1. e4 c5 2. Nf3 e6 3. d4 cxd4 4. Nxd4 Nf6 5. Nc3 d6 6. Be2 Be7 7. Be3 O-O 8.
O-O Nc6 9. Nb3 e5 10. Bf3 a5 11. Qe2 a4 12. Nd2 a3 13. bxa3 Rxa3 14. Nb5 Ra4
15. Rfd1 Be6 16. c4 Qa5 17. Nb3 Qb4 18. Nd2 Bxc4 19. Nxc4 Qxc4 20. Qxc4 Rxc4
21. Nxd6 Bxd6 22. Rxd6 Nxe4 23. Rd7 Na5 24. Rd5 Nc6 25. Rd7 Na5 1/2-1/2

[Event "Europa ch s-14"]
[Site "Herceg Novi MNT"]
[Date "2008.09.24"]
[Round "9.31"]
[White "Havas, Janko"]
[Black "Talipov, Nafis"]
[Result "1-0"]
[WhiteElo "1930"]
[BlackElo "2029"]
[PlyCount "37"]
[EventDate "2008.09.15"]
[EventType "swiss"]
[EventRounds "9"]
[Source "lmi"]
[SourceDate "2008.09.15"]

1. d4 f5 2. Nc3 Nf6 3. Bg5 e6 4. e4 fxe4 5. Nxe4 Be7 6. Bxf6 Bxf6 7. Nf3 d6 8.
Bd3 O-O 9. Qd2 b6 10. h4 Qe7 11. O-O-O Bb7 12. c3 Nd7 13. Nfg5 h6 14. Nf3 e5
15. Rde1 Rae8 16. Kb1 Qf7 17. Qc2 Bd8 18. Neg5 Qf4 19. Bc4+ 1-0

[Event "Europa ch s-14"]
[Site "Herceg Novi MNT"]
[Date "2008.09.24"]
[Round "9.34"]
[White "Klabis, Rokas"]
[Black "Andreev, Sasho"]
[Result "1-0"]
[WhiteElo "1838"]
[BlackElo "2021"]
[PlyCount "55"]
[EventDate "2008.09.15"]
[EventType "swiss"]
[EventRounds "9"]
[Source "lmi"]
[SourceDate "2008.09.15"]

1. e4 c5 2. d4 cxd4 3. c3 Nf6 4. e5 Nd5 5. cxd4 Nc6 6. Nf3 d6 7. exd6 Qxd6 8.
Nc3 e6 9. Be2 Be7 10. O-O h6 11. Re1 O-O 12. Bd3 Rd8 13. a3 Nf6 14. Be3 Ng4 15.
Ne4 Qb8 16. Qc2 Bd7 17. Rac1 Nf6 18. Nc3 Be8 19. h3 Bf8 20. Qe2 Ne7 21. Ne5
Ned5 22. Nxd5 Nxd5 23. Qg4 Nxe3 24. fxe3 Qd6 25. Qe4 g6 26. Rf1 Bg7 27. Nxf7
Bxf7 28. Rxf7 1-0